[Event "Chigorin Memorial 24th"]
[Site "St Petersburg"]
[Date "2016.10.20"]
[Round "6"]
[White "Kolesnikova, Kristina"]
[Black "Markovic, Vojislav"]
[Result "1/2-1/2"]
[WhiteElo "2012"]
[BlackElo "2233"]
[PlyCount "82"]
[EventDate "2016.10.15"]
[EventType "swiss"]
[EventRounds "9"]
[EventCountry "RUS"]
[SourceTitle "CBM 175 Extra"]
[Source "ChessBase"]
[SourceDate "2016.12.12"]
[SourceVersion "1"]
[SourceVersionDate "2016.12.12"]
[SourceQuality "1"]

1. d4 Nf6 2. c4 g6 3. Nc3 Bg7 4. e4 0-0 5. Be2 d6 6. Bg5 c5 7. d5 e5 8. Qd2 Qa5 9. a4 a6 10. Ra3 Nbd7 11. Qc2 h6 12. Bd2 Qd8 13. a5 Rb8 14. Na4 Qe7 15. Rb3 Re8 16. g4 Nh7 17. h4 Ndf8 18. Nb6 g5 19. h5 Bd7 20. Bd1 Red8 21. f3 Be8 22. Ne2 Nd7 23. Ra3 Nxb6 24. axb6 Nf8 25. Qd3 Rdc8 26. Ba4 Bxa4 27. Rxa4 Nd7 28. Ba5 Qe8 29. Ra3 Bf6 30. Ng3 Bd8 31. Nf5 Qf8 32. Rb3 Kh7 33. Qb1 Be7 34. Qa1 Qe8 35. Qb1 Bf8 36. Rh2 Qd8 37. Re2 Kg8 38. Kf2 Kh7 39. Re1 Kh8 40. Re2 Kh7 41. Re1 Kh8 1/2-1/2

[Event "Chigorin Memorial 24th"]
[Site "St Petersburg"]
[Date "2016.10.17"]
[Round "3"]
[White "Markovic, Vojislav"]
[Black "Tsaruk, Maksim"]
[Result "1-0"]
[WhiteElo "2233"]
[BlackElo "2003"]
[PlyCount "53"]
[EventDate "2016.10.15"]
[EventType "swiss"]
[EventRounds "9"]
[EventCountry "RUS"]
[SourceTitle "CBM 175 Extra"]
[Source "ChessBase"]
[SourceDate "2016.12.12"]
[SourceVersion "1"]
[SourceVersionDate "2016.12.12"]
[SourceQuality "1"]

1. e4 e5 2. f4 exf4 3. Bc4 d6 4. Nf3 g5 5. h4 g4 6. Ng5 Nh6 7. d3 Qe7 8. Bxf4 f6 9. 0-0 Rg8 10. Bxg8 Nxg8 11. Nc3 c6 12. Qd2 h6 13. Rae1 fxg5 14. hxg5 h5 15. Nd5 Qg7 16. Nf6+ Nxf6 17. gxf6 Qf7 18. e5 dxe5 19. Bxe5 Kd8 20. Qf4 Na6 21. Bd6 Bd7 22. Bxf8 Qxf8 23. Re7 Rc8 24. Qd6 Nb8 25. f7 Qxe7 26. f8Q+ Qxf8 27. Rxf8# 1-0